000 00489nam a2200193Ia 4500
003 GCL
008 140319s9999 xx 000 0 eng d
040 _aGCL /
_cGCL
082 0 4 _a823
_bD D
100 1 _aDICKENS, CHARLES
245 1 0 _aDAVID COPPERFIELD /
_cDICKENS, CHARLES
260 _a[S.N] :
_bOXFORD UNIVERSITY PRESS ،
_c1997
300 _a901 P
650 0 4 _aENGLISH LITERATURE
650 0 4 _aLITERATURE
650 0 4 _aENGLISH FICTION
650 0 4 _aFICTION
942 _2ddc
_cBK
999 _c15869
_d15869